LEADER 01356cam0-22004091i-450- 001 990003113730403321 005 20090721120158.0 010 $a0-255-36101-7 035 $a000311373 035 $aFED01000311373 035 $a(Aleph)000311373FED01 035 $a000311373 100 $a20030910d1977----km-y0itay50------ba 101 0 $aeng 102 $aGB 105 $ay-------001yy 200 1 $aKeynes versus the "Keynesians"... ?$ean essay in the thinking of J.M. Keynes and the accuracy of its interpretation by his followers$fT. W. Hutchinson$gwith commentaires by Kahn, Austin Robinson 205 $a2nd ed. 210 $aLondon$cInstitute of Economic Affairs$d1977 215 $aXII, 83 p.$d22 cm 225 1 $aHobart paperback$v11 610 0 $aKeynes e la scuola Keynesiana 676 $aD/8.11 700 1$aHutchinson,$bTerence Wilmot$f<1912-2007>$0405227 702 1$aRobinson,$bEdward Austin Gossage$f<1897-1993> 702 1$aKahn,$bRichard Ferdinand$f<1905-1989> 801 0$aIT$bUNINA$gRICA$2UNIMARC 901 $aBK 912 $a990003113730403321 952 $aA/6.0 HUT$b9229/I$fSES 952 $aA/6.0 HUT$b9752/I$fSES 952 $aA/6.0 HUT$b16598$fSES 952 $aCOLLEZ. 1491 (11)$b18751$fFSPBC 959 $aSES 959 $aFSPBC 996 $aKeynes versus the "Keynesians"...$9461197 997 $aUNINA LEADER 00965nam0-22003251i-450- 001 990007893900403321 005 20040611115913.0 010 $a88-7105-162-9 035 $a000789390 035 $aFED01000789390 035 $a(Aleph)000789390FED01 035 $a000789390 100 $a20040608d2003----km-y0itay50------ba 101 0 $aita 102 $aIT 105 $ay-------001yy 200 1 $a<>enigma della sofferenza e la testimonianza della cura$eteologia e filosofia dinanzi alla sfida del dolore$fMaurizio Chiodi 210 $aMilano$cGlossa$d2003 215 $aVII, 310 p.$d21 cm 225 1 $aQuodlibet$v12 610 0 $aDolore$aTeologia 676 $a230$v20$zita 700 1$aChiodi,$bMaurizio$0283387 801 0$aIT$bUNINA$gRICA$2UNIMARC 901 $aBK 912 $a990007893900403321 952 $aA-I-A-362$b13002$fDDRC 959 $aDDRC 996 $aEnigma della sofferenza e la testimonianza della cura$9668322 997 $aUNINA